00566nam a2200193 a 450000100060000000300080000600500170001400800410003103500200007204000260009204100080011808200260012610000220015224500620017426000410023630000230027750400300030065100420033041715BD-RjUL20211209053434.0160605s1967 cn b 001 0 eng d a(BD-RjUL) 41833 aBD-RjULbengcBD-RjUL aeng 223a320.971bSMC 19671 aSmiley, Donald V.14aThe Canadian political nationality /cby Donald V. Smiley aToronto ;aLondon :bMethuen,cc1967 axv, 142 p ;c23 cm aBibliographical footnotes 0aCanadaxPolitics and governmenty1914